000 00636nam a2200181 4500
005 20260417144751.0
008 260417b |||||||| |||| 00| 0 eng d
020 _a978-93-6392-716-2
040 _aNational Science Library
_cNational Science Library
080 _a355.4=214.21
_bR5
245 _aसिन्दूर:
_bपरंपरा, प्रतीक और पराक्रम
246 _aSindoor:
_bParampara, pratik aur parakram
260 _aNew Delhi:
_bPrakashan Vibhag Suchna Evam Prakashan Mantralaya,
_c2025
300 _a90p.
365 _b145
_cINR
700 _aSharma, Raghuveer ed.
942 _2udc
_cHBK
999 _c67885
_d67885